LEADER 01066nam0-22003371i-450- 001 990002022090403321 005 20021010 035 $a000202209 035 $aFED01000202209 035 $a(Aleph)000202209FED01 035 $a000202209 100 $a20021010d--------km-y0itay50------ba 101 0 $aita 200 1 $aMembracoidea$eSection I$eMembracidae, Centrotinae, Platybelinae, Hoplophorioninae Darninae.$fS.P. Metcalf,Virginia Wade. 210 $aRaleigh$cNorth Carolina State University$d1965 215 $a743 p.$d23 cm 225 1 $a<>supplement to fascicle - Membracidae of the General Catalogue of the Hemiptera$v1 suppl 610 0 $aRincoti Auchenorinchi 610 0 $aMembracoidea 610 0 $aRhynchota Homoptera 676 $a595.752 700 1$aMetcalf,$bZeno P.$085747 702 1$aWade,$bVirginia$f<1945- > 801 0$aIT$bUNINA$gRICA$2UNIMARC 901 $aBK 912 $a990002022090403321 952 $a61 IV F.7/06.1.4$b2037$fDAGEN 959 $aDAGEN 996 $aMembracoidea$9405265 997 $aUNINA DB $aING01 LEADER 01391nam 2200373Ia 450 001 996394119303316 005 20200824132703.0 035 $a(CKB)4940000000116320 035 $a(EEBO)2240941391 035 $a(OCoLC)ocm12000354e 035 $a(OCoLC)12000354 035 $a(EXLCZ)994940000000116320 100 $a19850506d1666 uy | 101 0 $aeng 135 $aurbn||||a|bb| 200 10$aVocabularium parvum anglo-latinum, in usum puerulorum, qui prima Latinĉ linguĉ tyrocinia faciunt$b[electronic resource] =$eA little vocabulary, English and Latine, for the use of little children, that begin to learn the Latine tongue /$fby Charles Hoole .. 210 $aLondon $cPrinted for William Kirton$d1666 215 $a[2], 69, [2] p 300 $aReproduction of original in Cambridge University Library. 300 $a"An advertisement touching this book": p. [2] 330 $aeebo-0021 606 $aLatin language$vTerms and phrases 606 $aEnglish language$vTerms and phrases 615 0$aLatin language 615 0$aEnglish language 700 $aHoole$b Charles$f1610-1667.$0793350 801 0$bEAA 801 1$bEAA 801 2$bm/c 801 2$bWaOLN 906 $aBOOK 912 $a996394119303316 996 $aVocabularium parvum anglo-latinum, in usum puerulorum, qui prima Latinĉ linguĉ tyrocinia faciunt$92396644 997 $aUNISA LEADER 01741nam 2200397Ia 450 001 996395715803316 005 20221108054933.0 035 $a(CKB)4330000000326731 035 $a(EEBO)2248564587 035 $a(OCoLC)43077505 035 $a(EXLCZ)994330000000326731 100 $a19991222d1663 uy | 101 0 $aeng 135 $aurbn||||a|bb| 200 10$aChrist's first sermon, or, The absolute necessity, gospel duty, and Christian practice of repentance$b[electronic resource] /$fopened and applied, by a godly, able, and faithful minister of Jesus Christ. ; Wherein is discovered, what repentance is, as also the great necessity thereof to salvation: with the great folly and desperate madness of all those that delay and put off repentance unto a sick bed, or old age. ; Together with the great benefit, joy, and comfort that shall be to the souls of all those that timely and truly repent 205 $aThe eleventh edition, with many additions. 210 $aLondon $cPrinted for Eliz. Andrews, at the White Lion near Pye-Corner$d1663 215 $a[46] p 300 $aAttributed to Hart by Wing. 300 $aAdvertisement: p. [46]. 300 $aReproduction of original in: Trinity College Library, Dublin, Ireland. 330 $aeebo-0159 606 $aRepentance 606 $aSalvation 606 $aTheology, Doctrinal 615 0$aRepentance. 615 0$aSalvation. 615 0$aTheology, Doctrinal. 700 $aHart$b John$cD.D.$0195672 801 0$bEAE 801 1$bEAE 801 2$bWaOLN 906 $aBOOK 912 $a996395715803316 996 $aChrist's first sermon, or, The absolute necessity, gospel duty and Christian practice of repentance$92302979 997 $aUNISA